00356nam a2200121Ia 4500082001200000100001700012245005400029260002700083300001000110650004600120650003400166710003400200 aRP.0187 aPandya, B.A. 0aEducation and rural urban migration in Saurashtra c1989bICSSR, New Delhi a160p. aRURAL URBAN MIGRATION - SAURASHTRA REGION aEDUCATION - SAURASHTRA REGION aSaurashtra University, Rajkot